Lokasanskritichi Kshitije (Record no. 347329)

MARC details
000 -LEADER
fixed length control field 005600000a22002290004500
005 - DATE AND TIME OF LATEST TRANSACTION
control field 20120302055038.0
040 ## - CATALOGING SOURCE
Original cataloging agency MAR
100 ## - MAIN ENTRY--PERSONAL NAME
Personal name Dhere,Ramchandra Chintaaman
245 ## - TITLE STATEMENT
Title Lokasanskritichi Kshitije
260 ## - PUBLICATION, DISTRIBUTION, ETC. (IMPRINT)
Place of publication, distribution, etc Pune:Vishwakarmaa Saahityalaya,1971.
300 ## - PHYSICAL DESCRIPTION
Extent 24,190p.
365 ## - TRADE PRICE
Price amount 8/-
650 ## - SUBJECT ADDED ENTRY--TOPICAL TERM
Topical term or geographic name as entry element Sanskriti
650 ## - SUBJECT ADDED ENTRY--TOPICAL TERM
Topical term or geographic name as entry element Lokasanskriti-Kshitijee
650 ## - SUBJECT ADDED ENTRY--TOPICAL TERM
Topical term or geographic name as entry element Kathaa
650 ## - SUBJECT ADDED ENTRY--TOPICAL TERM
Topical term or geographic name as entry element Kaaliyaa Mardan
650 ## - SUBJECT ADDED ENTRY--TOPICAL TERM
Topical term or geographic name as entry element Renukaamaataa
650 ## - SUBJECT ADDED ENTRY--TOPICAL TERM
Topical term or geographic name as entry element Narsimha
650 ## - SUBJECT ADDED ENTRY--TOPICAL TERM
Topical term or geographic name as entry element Rajasthani Bhatt
650 ## - SUBJECT ADDED ENTRY--TOPICAL TERM
Topical term or geographic name as entry element Skandamoorti-Mathuraa
942 ## - ADDED ENTRY ELEMENTS (KOHA)
Koha item type Book
Holdings
Withdrawn status Lost status Damaged status Not for loan Home library Current library Date acquired Total Checkouts Barcode Date last seen Price effective from
        Institute For Oriental Study, Thane Institute For Oriental Study, Thane 12/02/2009   IOS-6806 12/02/2009 12/02/2009